000
00246nmm a2200085Ia 4500
008
220120s9999||||xx |||||||||||||||||und||
100
_a
PCQ
245
0
_a
PCQ-OCT : 15 game development software, 6 full ebooks, 15 ho
260
_a
Cyber tach publication
999
_c
139703
_d
139703